[Event "Piura op"]
[Site "Piura"]
[Date "2013.??.??"]
[Round "3"]
[White "Ordinola Capcha, Juan"]
[Black "Palacios Arrese, Kevin"]
[Result "1-0"]
[WhiteElo "2065"]
[BlackElo "1755"]
[PlyCount "134"]
[EventDate "2013.08.12"]
[EventType "swiss"]
[EventRounds "8"]
[EventCountry "PER"]
[SourceTitle "CBM 155 Extra"]
[Source "ChessBase"]
[SourceDate "2013.08.26"]
[SourceVersion "1"]
[SourceVersionDate "2013.08.26"]
[SourceQuality "1"]

1. Nf3 d5 2. c4 Nf6 3. cxd5 Nxd5 4. d4 c6 5. e4 Nb6 6. Nc3 Bg4 7. Be3 e6 8. h3 Bxf3 9. Qxf3 Bb4 10. a3 Bxc3+ 11. bxc3 Na4 12. Bd2 0-0 13. Be2 Nd7 14. 0-0 Ndb6 15. Rfc1 c5 16. Be3 Rc8 17. Qg3 Qf6 18. Bd3 Qg6 19. Qf3 Nb2 20. Bc2 c4 21. e5 Nd3 22. Rd1 Nd5 23. Bxd3 cxd3 24. Bd2 f6 25. Be1 Nxc3 26. Rxd3 fxe5 27. Qe3 exd4 28. Rxd4 Nd5 29. Qe4 Qf6 30. Kh1 Nc3 31. Bxc3 Rxc3 32. f3 Rfc8 33. Rad1 Rc2 34. Qxb7 e5 35. Qd5+ Kf8 36. Ra4 Rc1 37. Rxc1 Rxc1+ 38. Kh2 Rc7 39. Re4 h6 40. Qxe5 Qxe5+ 41. Rxe5 Kf7 42. Kg3 Kf6 43. Ra5 Re7 44. Kf4 g5+ 45. Kg4 Re2 46. Ra6+ Kg7 47. Rxa7+ Kf6 48. Ra6+ Kg7 49. g3 Re3 50. a4 Rb3 51. a5 Rb4+ 52. Kh5 Rb5 53. Ra7+ Kf6 54. Kxh6 Rb8 55. Kh5 Kf5 56. Rf7+ Ke6 57. Rg7 Rf8 58. Rxg5 Kf6 59. Kg4 Rb8 60. f4 Ra8 61. Rb5 Ra7 62. Rb6+ Kf7 63. a6 Ke8 64. h4 Kd8 65. Rb8+ Kc7 66. Rb7+ Rxb7 67. axb7 Kxb7 1-0

[Event "Piura op"]
[Site "Piura"]
[Date "2013.??.??"]
[Round "2"]
[White "Vera Siguenas, Deivy Anthoni"]
[Black "Ordinola Capcha, Juan"]
[Result "1-0"]
[WhiteElo "2438"]
[BlackElo "2065"]
[PlyCount "51"]
[EventDate "2013.08.12"]
[EventType "swiss"]
[EventRounds "8"]
[EventCountry "PER"]
[SourceTitle "CBM 155 Extra"]
[Source "ChessBase"]
[SourceDate "2013.08.26"]
[SourceVersion "1"]
[SourceVersionDate "2013.08.26"]
[SourceQuality "1"]

1. e4 Nf6 2. e5 Nd5 3. d4 d6 4. c4 Nb6 5. exd6 cxd6 6. Nc3 g6 7. Be3 Bg7 8. Rc1 0-0 9. Be2 d5 10. b3 dxc4 11. bxc4 Bf5 12. Nf3 Nc6 13. d5 Na5 14. Bd4 Bh6 15. Nb5 Bxc1 16. Qxc1 Naxc4 17. Qh6 f6 18. Ng5 Rf7 19. Nxf7 Kxf7 20. Qxh7+ Kf8 21. 0-0 Qxd5 22. Bxb6 Nxb6 23. Nc7 Qxa2 24. Nxa8 Nxa8 25. Rd1 Ke8 26. Bb5+ 1-0

[Event "Santander UDI University op U27"]
[Site "Santander"]
[Date "2012.03.30"]
[Round "3"]
[White "Velez Alvarez, Laura Camila"]
[Black "Ordinola Capcha, Juan"]
[Result "0-1"]
[WhiteElo "1662"]
[BlackElo "2045"]
[PlyCount "30"]
[EventDate "2012.03.29"]
[EventType "swiss"]
[EventRounds "9"]
[EventCountry "COL"]
[SourceTitle "CBM 147 Extra"]
[Source "ChessBase"]
[SourceDate "2012.04.24"]
[SourceVersion "1"]
[SourceVersionDate "2012.04.24"]
[SourceQuality "1"]

1. e4 c5 2. Nf3 e6 3. d4 cxd4 4. Nxd4 Nf6 5. Bd3 Nc6 6. Nxc6 bxc6 7. 0-0 d5 8. e5 Nd7 9. Bf4 Qb6 10. Qc1 Rb8 11. Be3 d4 12. Bf4 Qxb2 13. Nd2 Qxc1 14. Rfxc1 Ba3 15. Rcb1 Bb2 0-1

[Event "Santander UDI University op U27"]
[Site "Santander"]
[Date "2012.03.29"]
[Round "1"]
[White "Ordinola Capcha, Juan"]
[Black "Virviescas Sanchez, Gerson Steve"]
[Result "1-0"]
[WhiteElo "2045"]
[BlackElo "1448"]
[PlyCount "97"]
[EventDate "2012.03.29"]
[EventType "swiss"]
[EventRounds "9"]
[EventCountry "COL"]
[SourceTitle "CBM 147 Extra"]
[Source "ChessBase"]
[SourceDate "2012.04.24"]
[SourceVersion "1"]
[SourceVersionDate "2012.04.24"]
[SourceQuality "1"]

1. d4 d5 2. Nf3 Nf6 3. c4 e6 4. Nc3 Bb4 5. Bg5 Nbd7 6. cxd5 Bxc3+ 7. bxc3 exd5 8. e3 h6 9. Bh4 Qe7 10. Bd3 c5 11. 0-0 c4 12. Bc2 0-0 13. Re1 g5 14. Bg3 Ne4 15. Bxe4 Qxe4 16. Rc1 g4 17. Nd2 Qd3 18. Qxg4+ Kh8 19. Nf3 Qg6 20. Qh4 Kh7 21. e4 Nf6 22. Ne5 Qg5 23. Qxg5 hxg5 24. exd5 Nxd5 25. Nxc4 Nf4 26. Bxf4 gxf4 27. Nd6 b6 28. c4 Rd8 29. c5 Be6 30. a3 a6 31. f3 b5 32. Re4 Kg6 33. Rxf4 f5 34. Re1 Kg5 35. g3 Kf6 36. d5 Bc8 37. Rh4 Rg8 38. Rh6+ Rg6 39. Rxg6+ Kxg6 40. Re8 Bb7 41. Rxa8 Bxa8 42. c6 a5 43. c7 b4 44. c8Q Bxd5 45. axb4 a4 46. Qa6 Bb3 47. Ne4+ Kh5 48. Qf6 fxe4 49. g4# 1-0

[Event "Pan American-ch U20"]
[Site "Cali"]
[Date "2008.06.14"]
[Round "8"]
[White "Della Morte, German"]
[Black "Ordinola Capcha, Juan"]
[Result "1/2-1/2"]
[WhiteElo "2407"]
[BlackElo "2031"]
[PlyCount "74"]
[EventDate "2008.06.10"]
[EventType "swiss"]
[EventRounds "9"]
[EventCountry "COL"]
[SourceTitle "CBM 124 Extra"]
[Source "ChessBase"]
[SourceDate "2008.07.03"]
[SourceVersion "1"]
[SourceVersionDate "2008.07.03"]
[SourceQuality "1"]

1. e4 Nf6 2. e5 Nd5 3. d4 d6 4. Nf3 dxe5 5. Nxe5 c6 6. Qf3 Be6 7. Bc4 Nd7 8. Nd3 g6 9. 0-0 Bg7 10. c3 0-0 11. Nd2 N7f6 12. h3 Qc7 13. Bb3 Rfd8 14. Re1 a5 15. a3 Bf5 16. Ne5 b5 17. a4 bxa4 18. Bxa4 c5 19. Nc6 Re8 20. Ne5 Rf8 21. Bc6 Rad8 22. dxc5 Ne8 23. Ndc4 Be6 24. Qg3 Nxc3 25. Bxe8 Bxc4 26. Nxc4 Qxg3 27. fxg3 Rfxe8 28. Rxa5 Ne2+ 29. Rxe2 Rd1+ 30. Kh2 Rxc1 31. Nd6 Rb8 32. Rxe7 Bd4 33. h4 Bxc5 34. Re8+ Rxe8 35. Nxe8 f5 36. g4 Kf7 37. gxf5 Kxe8 1/2-1/2